000 01187nam a2200325 i 4500
003 EG-GICUC
005 20260121101452.0
008 251211s1983 ua ||||fr|||| 00| 0 ara d
017 _a١٩٨٣/٣٢٣٥
020 _a۹۷۷ - ۰۱ - ۱۸۳ ٤ - ١٨٣
040 _a EG-GICUC
_bara
_c EG-GICUC
_d EG-GICUC
_erda
041 0 _aara
082 0 4 _221
_a345.32422
_bح م .م
092 0 4 _221
099 _aLaw1 07 345.32422 ح م .م 1983
100 0 _aحماد محمد شطا
_eمؤلف.
245 1 2 _aالمؤسسة العامة :
_bودورها في التنمية /
_cد. حماد محمد شطا.
264 1 _aالقاهرة :
_bالمؤسسة الثقافية،
_c1983.
300 _a106 ؛صفحة
_c24 سم.
336 _2rda content
_atext
337 _2rda media
_aComputer
338 _2rda carrier
_aOnline Resource
504 _aشتمل على إرجاعات ببليوجرافية.
546 _aالنص باللغة العربية
650 1 4 _aأثار التزام المرافق العامة
650 1 4 _aالقانون الإداري
856 4 0 _uhttps://fll.law.cu.edu.eg/fulltext/bks/B07-01284.pdf
905 _a32
_eYara
942 _2ddc
_cBK
_e21
_n0
999 _c49856
_d49856